| 000 | 00768nam a2200241 a 4500 | ||
|---|---|---|---|
| 001 | 13305 | ||
| 003 | BD-JhCC | ||
| 005 | 20230819075728.0 | ||
| 008 | 171004s2022 bg a|||| ||a| 00| 0 ben d | ||
| 020 | _a9789849618294 | ||
| 035 | _a(BD-JhCC)13305 | ||
| 040 |
_aBD-JhCC _dBD-JhCC |
||
| 041 | _abengali | ||
| 082 |
_223 _a891.4435 _bIQB 2022 |
||
| 100 | _aইকবাল, মুহাম্মদ জাফর | ||
| 245 |
_aআহা টুনটুনি উহু ছোটাচ্চু / _c মুহাম্মদ জাফর ইকবাল |
||
| 260 |
_aঢাকা : _bতাম্রলিপি; _c2022. |
||
| 300 |
_a144 p. : _bill; _c22 cm. |
||
| 650 | _aBengali Short stories. | ||
| 651 | _aBangladesh | ||
| 942 |
_2ddc _cBK _019 |
||
| 999 |
_c13305 _d13305 |
||